000 00631cab a2200217 4500
001 WB3509-51
008 090401t1999 xxu||||| |||| 00| 0 eng d
035 _a(Sirsi) u91814
041 _aeng
245 _aGreen tax on aggregates dismissed
260 _c1999
350 _a0
490 _aFinancial Times
_v5 March 1999, 9(1)
520 _aThe Quarry Products Association has dismissed the Government`s proposed green tax on aggregates as being unworkable.
650 _aAGGREGATES INDUSTRY
650 _aGREEN TAX
650 _aQUARRY PRODUCTS ASSOCIATION
690 _aTAXATION
942 _n0
948 _c05/03/1999
999 _c58266
_d58266